| 000 | 00739nam a2200277 a 4500 | ||
|---|---|---|---|
| 005 | 20210219153447.0 | ||
| 008 | 991125n 000 0 u | ||
| 035 | _aUPN01000101117 | ||
| 100 | _aGHOSH, D. | ||
| 222 | _aHIGHER EDUCATION REVIEW | ||
| 245 | _aStudent finance : the contribution of the long vacation | ||
| 300 | _a45-56 | ||
| 362 | _a1992 25, No. 1, 1992 | ||
| 505 | _aAbril 1993 | ||
| 653 | 0 | _aBECAS | |
| 653 | 0 | _aEDUCACION SUPERIOR | |
| 653 | 0 | _aESTUDIANTE TRABAJADOR | |
| 653 | 0 | _aFINANCIAMIENTO EDUCATIVO | |
| 653 | 0 | _aLISTAS ESCOLARES | |
| 653 | 0 | _aMODELOS DE EMPLEO | |
| 653 | 0 | _aPAYING FOR COLLEGE | |
| 653 | 0 | _aVACACIONES | |
| 700 | _aMALLIER, Tony | ||
| 904 |
_aAC _b038928 |
||
| 905 | _aArticulo | ||
| 999 |
_c77453 _d77453 |
||